000 01129nam a2200265Ia 4500
003 OSt
005 20220923211218.0
006 a|||||r|||| 00| 0
007 ta
008 220922b |||||||| |||| 00| 0 hin d
020 _a9788126716388 (pbk)
_c95
024 _a262,141
037 _b70, 02/07/2012, Eastern Book Linkers
_cTextual
040 _aARTS
_cARTS
_bhin
041 _2hin
_ahin
082 _aY53.2.N9, 152N9
100 _aवर्मा, पवन कुमार; दुबे, अभय कुमार, अनु.
_9159742
245 0 _aभारत केमध्य वर्ग की अजीब दास्तान
246 _aBhārat kemadhya varga kī ajīb dāstāna
260 _aनई दिल्ली
_b राजकमल पेपरबैक्स
_c1999
300 _a209पृ.
_ccm.
650 _aभारतीय-लोक साहित्य
_9159743
942 _hY53.2.N9, 152N9
_cTEXL
_2CC
999 _c297002
_d297002